| 000 | 01670nam a2200289 i 4500 | ||
|---|---|---|---|
| 003 | DO-SdBNP | ||
| 005 | 20231121104759.0 | ||
| 007 | ta | ||
| 008 | 110413s2011 dr ao 000 j spa d | ||
| 020 | _a9789945475258 | ||
| 040 |
_aDO-SdBNP _bspa _cBNPHU _erda |
||
| 082 |
_a972.9372 _bN753 _222 |
||
| 100 |
_aNoboa Bonilla, Eddie R. _983333 _d1925-2020 |
||
| 245 | 1 | 0 |
_aDestellos históricos de Azua / _cEddie R. Noboa Bonilla ; prólogo Rafael D´Soto Sánchez |
| 264 | 1 |
_aSanto Domingo : _bRumbo Sur, _c2011. |
|
| 300 |
_a141 páginas _bilustraciones, fotografías _c23 cm. |
||
| 336 |
_2rdacontent _atexto _btxt |
||
| 337 |
_2rdamedia _asin mediación _bn |
||
| 338 |
_2rdacarrier _avolumen _bnc |
||
| 500 | _aIncluye datos biográficos del autor en la solapas. | ||
| 520 | _aNoboa Bonilla entiende que los pueblos evolucionan de acuerdo a sus posibilidades naturales y por el perfeccionamiento de sus habitantes, en lo cultural, político y social que las circunstancias demandan de ellos. El autor logra palmariamente plasmar su idea en Destellos históricos de Azua, progenie literaria de carácter histórico. Resulta increíblemente abarcadora la cobertura de este libro: desde la vivencia de nuestra raza primigenia antes de la colonización hasta tiempos recientes, cosa que lo convierte, sin dudas, en un texto a consultar cada vez que se haga necesario conocer de modo intrínseco la riquísima historia de esa legendaria provincia nuestra. | ||
| 590 | _aInventariado, 2023/ YL | ||
| 651 |
_aAzua (República Dominicana) _xHistoria _984655 |
||
| 700 | 1 |
_aD´Soto Sánchez, Rafael Guaroa _eprólogo _984653 |
|
| 910 | _aYLockward | ||
| 942 |
_2ddc _cLBS1 |
||
| 999 |
_c55539 _d55539 |
||